Statistics for Just Add Magic Characters by Picture!!!

Click here to take the quiz!

General Stats

  • This quiz has been taken 28 times
  • The average score is 13 of 16

Answer Stats

Answer% Correct
Jake
100%
Kelly
100%
Mama P
100%
Chuck
94%
Darbie
94%
Hannah
94%
Charlotte
88%
Rose
88%
Trudith Winters
81%
Becky
75%
Terri
75%
Caroline
69%
Hailey
69%
Leah
69%
Ms.Silvers
69%
Traveler
50%

Score Distribution

Percentile by Number Answered

Percent of People with Each Score

Your Score History

You have not taken this quiz